Podium du Rallye Le Touquet Pas-de Calais - Statistiques

Statistiques générales
  • Ce quiz a été pris 39 fois
  • Le résultat moyen est 20 sur 110
Statistiques - réponses
Vainqueur % Correct
Yoann Bonato
97%
Léo Rossel
85%
Eric Camilli
82%
Eric Brunson
74%
Quentin Giordano
68%
Jean-Marie Cuoq
65%
Nicolas Ciamin
65%
Jean-Claude Lefebvre
59%
Quentin Gilbert
59%
Roland Lefebvre
59%
Stéphane Lefebvre
59%
Gilles Panizzi
53%
Cédric Robert
50%
Francois Delecour
50%
José Barbara
50%
Rober Barbara
50%
William Wagner
47%
Bryan Bouffier
44%
Philippe Bugalski
44%
Stéphane Sarrazin
44%
Thomas Chauffray
44%
Jean Ragnotti
41%
David Salanon
38%
Marc Amourette
38%
Pierre Roché
38%
Dany Snobeck
29%
Julien Maurin
29%
Pieter Tsjoen
29%
Simon Jean-Joseph
29%
Sylvain Michel
29%
Paul Bernard
26%
Arnaud Mordacq
24%
Benoit Rousselot
24%
Bernard Mordacq
24%
Nicolas Bernardi
24%
Nicolas Vouilloz
24%
Didier Auriol
21%
Francois Chatriot
21%
Yves Loubet
21%
Claudie Tanghe
18%
Patrick Bernardini
18%
Patrick Henry
18%
Serge Jordan
18%
Alexandre Bengué
15%
Jimmy Mannessier
15%
Sylvain Polo
15%
Fabien Doenlen
12%
Guy Fréquelin
12%
Jean-Francois Bérenguer
12%
Thierry Sabine
12%
Bernard Mathon
9%
Eric Rousset
9%
Patrick Magaud
9%
Bernard Delesalle
6%
Jacques Tasso
6%
Pascal Thomasse
6%
Philippe Vernier
6%
Roger-Philippe Faure
6%
Thomas Barral
6%
Alain Haro
3%
Alain Serpaggi
3%
Bernard Fiorentino
3%
Bruno Bouscary
3%
Christian Rigollet
3%
Damien Delanoue
3%
Guy Chasseuil
3%
Henri Greder
3%
Jean-Francois Piot
3%
Jean-Marc Ivens
3%
Jean-Pierre Gaban
3%
Mauro Bianchi
3%
Pascal Enjolras
3%
Patrick Postillon
3%
Pierre Boutin
3%
Robert Dutoit
3%
Armand Lemay
0%
Bernard Collas
0%
Bernard Frondas
0%
Brice Tiribassi
0%
Christian Bruzi
0%
Claude Barbier
0%
Cresson
0%
Eric Dupont
0%
Francis Roussely
0%
Gilbert Sau
0%
Guillaume Sanson
0%
Guy Savoye
0%
Jan-Hug Hazard
0%
Jean-Claude Godart
0%
Jean-Louis Marnat
0%
Jean-Louis Probst
0%
Joel Flour
0%
José Mailliet
0%
Joseph Bourdon
0%
Joseph Dieu
0%
Julien Vernaeve
0%
Michel Cresson
0%
Michel Teilhol
0%
Paul Molon
0%
Philippe Broudehoux
0%
Philippe Malbran
0%
Pierre Bos
0%
Pierre Massenez
0%
Richard Dassonville
0%
Roger Boulinguez
0%
Roger Lamoral
0%
Roger Vanderschrick
0%
Serge Laurent
0%
Stanislas De Chabot
0%
Vandamne
0%
Aucun quiz correspondant
Distribution des résultats
% des personnes avec chaque résultat
Percentile par nombre de réponses
Votre historique - résultats
Vous n’avez pas pris ce quiz